Statistics for The Nicene Creed (Orthodox)

Click here to take the quiz!

General Stats

  • This quiz has been taken 82 times
  • The average score is 19 of 33

Answer Stats

Answer% Correct
I believe in one {God},
100%
the only-begotten {Son} of God,
84%
and of all things visible and {invisible}.
82%
Father {Almighty},
78%
{Creator} of heaven and earth,
73%
Light of light, true God from true {God}
73%
came down from {heaven}
64%
and became {man}.
62%
And He rose on the {third} day,
62%
{begotten} of the Father before all ages;
60%
He was crucified for us under {Pontius} {Pilate},
60%
according to the {Scriptures}.
58%
through Whom {all} {things} were made.
58%
and is seated at the {right} {hand} of the Father;
56%
and was incarnate of the {Holy} {Spirit} and the Virgin Mary
56%
Who together with the Father and the {Son}
56%
And he will come again with glory to {judge} the living and the dead.
53%
And in {one} {Lord} Jesus Christ,
53%
Who for us men and for our {salvation}
53%
And in the {Holy} {Spirit},
51%
begotten, not {created},
51%
His {kingdom} shall have no end.
51%
In one, holy, {catholic}, and apostolic Church.
49%
Who spoke through the {prophets}.
49%
I confess one {baptism} for the forgiveness of sins.
47%
is worshipped and {glorified},
47%
and {suffered} and was buried;
44%
I look for the {resurrection} of the dead,
44%
of one {essence} with the Father
44%
and the {life} of the age to come.
38%
Who {proceeds} from the Father,
36%
He {ascended} into heaven
33%
the {Lord}, the Creator of life,
33%

Score Distribution

Percentile by Number Answered

Percent of People with Each Score

Your Score History

You have not taken this quiz